[Event "SWE-chT 9596"]
[Site "?"]
[Date "1996.??.??"]
[Round "?"]
[White "Svenn, Gosta"]
[Black "Ornstein, Axel"]
[Result "0-1"]
[WhiteElo "2385"]
[BlackElo "2440"]

1.d4 Nf6 2.c4 e6 3.g3 c5 4.d5 exd5 5.cxd5 g6 6.Nc3 d6 7.Bg2 Bg7 8.Nf3 O-O
9.O-O Re8 10.Nd2 a6 11.a4 Nbd7 12.Nc4 Nb6 13.Na3 Bd7 14.Bf4 Nh5 15.a5 Nxf4
16.gxf4 Nc8 17.Nc4 Bb5 18.Qb3 Bxc3 19.Qxc3 Rxe2 20.Ne3 Qh4 21.Bf3 Rxe3 22.fxe3 Bxf1
23.Rxf1 Na7 24.Bg2 Nb5 25.Qd2 Re8 26.Kh1 f5 27.Rc1 Qd8 28.Re1 Re7 29.Bf3 Re8
30.Bg2 Kf7 31.h3 b6 32.axb6 Qxb6 33.Kh2 Nc7 34.Re2 Re7 35.Kh1 Ne8 36.Qc3 Nf6
37.Kh2 a5 38.Kh1 Qb4 39.Qd3 Rb7 40.Kh2 Qb5 41.Qc2 a4 42.Bf3 Qb3 43.Qd2 a3
44.bxa3 Qxa3 45.Kg2 Rb3 46.Kf2 Rd3 47.Qc2 Kg7 48.Qc4 Rb3 49.Qc2 Kh6 50.Qd1 Rb2
51.Kg3 Rxe2 52.Qxe2 c4 53.Qd2 c3 54.Qd4 Kg7 55.Qb6 Qc5 56.Qb7+ Kf8 57.Qb8+ Ne8
58.Qb1 Qxe3  0-1

[Event "Ubeda op"]
[Site "Ubeda"]
[Date "1996.??.??"]
[Round "?"]
[White "Ivanov, Mikhail M"]
[Black "Ionov, Sergey"]
[Result "1/2-1/2"]
[WhiteElo "2375"]
[BlackElo "2515"]

1.d4 Nf6 2.c4 e6 3.g3 c5 4.d5 exd5 5.cxd5 b5 6.Bg2 d6 7.b4 Nbd7 8.bxc5 Nxc5
9.Nf3 g6 10.Nd4 Bg7 11.Nc6 Qc7 12.Bb2 O-O 13.Nd2 Bb7 14.Nb3 Rfe8 15.O-O Nfd7
16.Bxg7 Kxg7 17.Nbd4 a6 18.Qd2 Ne5 19.Rac1 Nc4 20.Qg5 Bxc6 21.Nf5+ Kg8 22.Nh6+ Kg7
23.Nf5+ Kg8 24.Nh6+ Kg7 25.Nf5+  1/2-1/2

[Event "Wattens op"]
[Site "Wattens"]
[Date "1996.??.??"]
[Round "1"]
[White "Haba, Petr"]
[Black "Hillgarter, Erik"]
[Result "1-0"]
[WhiteElo "2485"]
[BlackElo "1795"]

1.d4 Nf6 2.c4 e6 3.g3 c5 4.Nf3 Be7 5.d5 exd5 6.cxd5 d6 7.Nc3 O-O 8.Bg2 Nbd7
9.O-O Rb8 10.a4 a6 11.h3 b5 12.axb5 axb5 13.b4 cxb4 14.Na2 Bb7 15.Nxb4 Ra8
16.Bb2 Nb6 17.Nd4 Rxa1 18.Bxa1 Nfd7 19.Nxb5 Nc5 20.Nc6 Qd7 21.Qd4 Bf6 22.Qg4 Qxg4
23.hxg4 Ba6 24.Bxf6 Bxb5 25.Be7 Rc8 26.Bxd6 Bxc6 27.dxc6 Na6 28.Ra1 Nc7 29.Bxc7 Rxc7
30.Rb1  1-0

[Event "Owens Corning"]
[Site "Wrexham"]
[Date "1996.??.??"]
[Round "?"]
[White "Martinovsky, Eugene"]
[Black "Csom, Istvan"]
[Result "0-1"]
[WhiteElo "2260"]
[BlackElo "2460"]

1.d4 Nf6 2.c4 e6 3.g3 c5 4.Nf3 cxd4 5.Nxd4 Qc7 6.Nd2 b6 7.Bg2 Bb7 8.Nb5 Qc8
9.e4 a6 10.Nc3 d6 11.O-O Be7 12.b3 Nbd7 13.Bb2 O-O 14.Qe2 Nc5 15.Rfd1 Qc7
16.Nf1 Rac8 17.Rac1 Rfe8 18.h3 Qb8 19.g4 h6 20.Ng3 Bc6 21.Bf1 Qa8 22.Re1 Rb8
23.f4 b5 24.g5 hxg5 25.fxg5 Nh7 26.h4 Nd7 27.cxb5 axb5 28.Nd1 b4 29.Nf2 Bb5
30.Qf3 Qa7 31.Kg2 Qxa2 32.Bxb5 Rxb5 33.Re2 Qa7 34.Ng4 Ne5 35.Bxe5 dxe5 36.Rf2 Rf8
37.Nh5 Rc5 38.Rxc5 Qxc5 39.Qg3 Qc3 40.Qxe5 Bc5 41.Rf3 Qd2+ 42.Rf2 Qd4 43.Qxd4 Bxd4
44.Rd2 Bc3 45.Rd7 Ra8 46.Nf4 Nf8 47.Rb7 Ra2+ 48.Kf1 Ra1+ 49.Kg2 Re1 50.Nf2 Ng6
51.N4d3 Re3 52.h5 Nh4+ 53.Kf1 Rg3 54.Rb8+ Kh7 55.Rf8 Nf3 56.g6+ fxg6 57.hxg6+ Kh6
58.Nf4 e5 59.Rh8+ Kg5 60.N2h3+ Kg4 61.Nd3 Nd2+ 62.Ke2 Nxe4 63.Ndf2+ Nxf2
64.Nxf2+ Kf5 65.Rb8 e4 66.Re8 Be5 67.Nd1 Kf4 68.Nf2 Re3+ 69.Kf1 Rxb3 70.Rf8+ Bf6
71.Re8 Re3 72.Nd1 Rf3+ 73.Ke2 b3 74.Rb8 Rg3 75.Rb4 Be5 76.Kf1 Rf3+ 77.Ke2 Rh3
78.Kf1 Rh1+ 79.Ke2 b2 80.Kd2 Rh2+ 81.Ke1 Bd4 82.Rb3 Kf5 83.Rb5+ Kxg6 84.Kf1 Kf6
85.Ke1 g5 86.Kf1 g4 87.Rb8 g3 88.Ke1 g2  0-1

[Event "Yerevan ol (Men)"]
[Site "Yerevan"]
[Date "1996.??.??"]
[Round "3"]
[White "Heim, Sverre"]
[Black "Omearat, Adel"]
[Result "1/2-1/2"]
[WhiteElo "2410"]
[BlackElo "2260"]

1.d4 Nf6 2.c4 e6 3.g3 c5 4.d5 exd5 5.cxd5 d6 6.Nc3 g6 7.Bg2 Bg7 8.Nf3 O-O
9.O-O Re8 10.Nd2 a6 11.a4 Nbd7 12.Rb1 Qc7 13.Nc4 Ne5 14.Nxe5 Rxe5 15.e4 Re8
16.h3 Rb8 17.Bd2 Nd7 18.f4 b5 19.axb5 axb5 20.b3 b4 21.Na4 c4 22.bxc4 Qxc4
23.Qb3 Qb5 24.Rfe1 Ra8 25.Nb2 Bd4+ 26.Kh2 Bf2 27.Rf1 Ra3 28.Qxb4 Bxg3+ 29.Kh1 Qxb4
30.Bxb4 Rb3 31.Bxd6 Nf6 32.Be5 Nh5 33.Nc4 Rxb1 34.Rxb1 Bxf4 35.Bxf4 Nxf4
36.Nd6 Rd8 37.Rb8 Rxd6 38.Rxc8+ Kg7 39.e5 Ra6 40.d6 Ra1+ 41.Kh2 Rd1 42.Bf3 Rd3
43.Bg4 h5 44.d7 hxg4 45.d8=Q g3+ 46.Kh1 Rxd8 47.Rxd8 g5 48.Rd6 Ng6 49.Ra6 Nxe5
50.Kg2 f6 51.Kxg3 Kg6 52.h4 gxh4+ 53.Kxh4 Nf7 54.Kg4 Ng5 55.Ra1 Ne6 56.Rg1 f5+
57.Kh4+ Kf6 58.Kh5 Ng7+ 59.Kh6 Ne6 60.Rf1 f4 61.Kh5 Kf5 62.Kh4 Nc5 63.Ra1 Nd3
64.Ra8 Ke4 65.Re8+ Ne5 66.Kh3 Kf5 67.Kg2 Ke4 68.Kf2 Kf5 69.Ke2 Ke4 70.Kd2 Kd4
71.Ra8 Ke4 72.Ra4+ Kf3 73.Rxf4+ Kxf4  1/2-1/2

[Event "Yerevan ol (Men)"]
[Site "Yerevan"]
[Date "1996.??.??"]
[Round "11"]
[White "Urban, Klaudiusz"]
[Black "Dumitrache, Dragos"]
[Result "1/2-1/2"]
[WhiteElo "2470"]
[BlackElo "2495"]

1.d4 Nf6 2.c4 e6 3.g3 c5 4.d5 exd5 5.cxd5 d6 6.Nc3 g6 7.Bg2 Bg7 8.Nf3 O-O
9.O-O Na6 10.Nd2 Nc7 11.Nc4 Nh5 12.Ne4 Ne8 13.a4 f5 14.Ng5 Nc7 15.Rb1 h6
16.Ne6 Bxe6 17.dxe6 d5 18.Ne3 Nf6 19.Qb3 Qd6 20.e7  1/2-1/2

[Event "RUS-Cup4"]
[Site "Perm"]
[Date "1997.02.16"]
[Round "9"]
[White "Neverov, Valeriy"]
[Black "Obukhov, Alexander"]
[Result "1/2-1/2"]
[WhiteElo "2530"]
[BlackElo "2415"]

1.d4 Nf6 2.c4 e6 3.g3 c5 4.Nf3 cxd4 5.Nxd4 Nc6 6.Bg2 Bb4+ 7.Nc3 O-O 8.O-O Qe7
9.Na4 d5 10.cxd5 Nxd5 11.Nxc6 bxc6 12.Bd2 Ba6 13.Bxb4 Qxb4 14.a3 Qb5 15.Re1 Nb6
16.Nxb6 Qxb6 17.Qc2  1/2-1/2

[Event "St Petersburg-ch"]
[Site "St Petersburg"]
[Date "1997.03.09"]
[Round "5"]
[White "Biriukov, Oleg V"]
[Black "Shchukin, Dmitry"]
[Result "0-1"]
[WhiteElo "2415"]
[BlackElo "2310"]

1.d4 Nf6 2.c4 e6 3.g3 c5 4.d5 exd5 5.cxd5 Bd6 6.Nc3 O-O 7.Bg2 Re8 8.Nf3 a6
9.a4 Bc7 10.d6 Ba5 11.O-O Nc6 12.Nh4 b5 13.Bg5 Bxc3 14.bxc3 Bb7 15.Nf5 Re6
16.Bd5 Nxd5 17.Qxd5 Qb6 18.Qd2 Rae8 19.Ne7+ Nxe7 20.Bxe7 b4 21.c4 a5 22.f3 f5
23.e4 fxe4 24.fxe4 Qc6 25.Qf4 h6 26.Rad1 Qxe4 27.Qf7+ Kh7 28.Rd5 Bxd5 29.cxd5 R8xe7
30.dxe7 Rxe7  0-1

[Event "Enghien Les Bains"]
[Site "Enghien Les Bains"]
[Date "1997.03.21"]
[Round "8"]
[White "Ivanov, Mikhail M"]
[Black "Spraggett, Kevin"]
[Result "0-1"]
[WhiteElo "2500"]
[BlackElo "2580"]

1.d4 Nf6 2.c4 e6 3.g3 c5 4.Nf3 cxd4 5.Nxd4 Qc7 6.Nd2 Nc6 7.Nb5 Qb8 8.Bg2 a6
9.Nc3 b5 10.cxb5 axb5 11.Nde4 Nxe4 12.Nxe4 d5 13.Nd2 Be7 14.Nb3 O-O 15.O-O Rd8
16.Be3 Bd7 17.Bc5 Bf6 18.Qc2 Rc8 19.Qb1 Na5 20.Nxa5 Rxc5 21.Nb3 Rc8 22.e4 Qe5
23.exd5 exd5 24.Qd3 Be6 25.Qxb5 Qxb2 26.Rab1 Qxa2 27.Nc1 Qa7 28.Qe2 Re8 29.Nd3 Bf5
30.Qd2 Qa2 31.Qxa2 Rxa2 32.Rbd1 d4 33.Bd5 Ra5 34.Bc6 Rc8 35.Rfe1 g5 36.Be4 Be6
37.f3 Rc3 38.Ra1 Rxa1 39.Rxa1 Bc4 40.Rd1 h5 41.h3 Kg7 42.Kg2 Rc2+ 43.Kg1 Re2
44.h4 Bb3 45.Rb1 Be6 46.Rd1 Kh8 47.Kf1 Ra2 48.hxg5 Bxg5 49.f4 Bf6 50.Nf2 Bb3
51.Rc1 Kg7 52.Rc5 h4 53.g4 Be7 54.Rc6 Ra1+ 55.Kg2 Re1 56.Bf3 Re3 57.g5 Rxf3
58.Rc7 Rg3+ 59.Kh2 Bd6 60.Rd7 Bxf4  0-1

[Event "FRA-chT9697 final"]
[Site "Clichy"]
[Date "1997.05.04"]
[Round "11"]
[White "Rocher, Oliver"]
[Black "Boudre, Jean Pierre"]
[Result "0-1"]
[WhiteElo "2215"]
[BlackElo "2400"]

1.d4 Nf6 2.c4 e6 3.g3 c5 4.Nf3 cxd4 5.Nxd4 Qc7 6.Nc3 Bb4 7.Qd3 e5 8.Nf5 O-O
9.e4 d5 10.cxd5 Bxf5 11.exf5 Nxd5 12.Bd2 Bxc3 13.bxc3 Rd8 14.Rb1 Nc6 15.Qb5 Qd7
16.Bg2 Qxf5 17.O-O Nde7 18.Be3 Rac8 19.Qa4 b6 20.Rbd1 Qe6 21.Rxd8+ Rxd8 22.Rd1 Rxd1+
23.Qxd1 h6 24.Qa4 Kh7 25.Qc2+ f5 26.g4 g6 27.gxf5 gxf5 28.Bh3 Qg6+ 29.Kh1 f4
30.Bc1 Qxc2  0-1

[Event "MK Cafe op-A"]
[Site "Koszalin"]
[Date "1997.08.04"]
[Round "3"]
[White "Krasenkova, Ilena"]
[Black "Forintos, Gyozo V"]
[Result "1/2-1/2"]
[WhiteElo "2245"]
[BlackElo "2440"]

1.d4 e6 2.c4 Nf6 3.g3 c5 4.d5 exd5 5.cxd5 b5 6.Bg2 d6 7.Nf3 Bb7 8.e4 g6 9.O-O Bg7
10.Re1 O-O 11.a4 bxa4 12.Nc3 Nbd7 13.Qxa4 Nb6 14.Qc2 Re8 15.Bf4 Nh5 16.Bg5 Qd7
17.Qd3 h6 18.Bd2 Nf6 19.Bf4 Nh5 20.Bd2 Nf6 21.Bf4 Nh5 22.Bd2 Nf6 23.Bf4 Nh5  1/2-1/2

[Event "Bayern-chI Bank Hofmann"]
[Site "Bad Wiessee"]
[Date "1997.11.18"]
[Round "4"]
[White "Kachiani Gersinska, Ketino"]
[Black "Gavrikov, Viktor"]
[Result "1/2-1/2"]
[WhiteElo "2415"]
[BlackElo "2575"]

1.d4 Nf6 2.c4 e6 3.g3 c5 4.d5 exd5 5.cxd5 d6 6.Nc3 g6 7.Bg2 Bg7 8.Nf3 O-O
9.O-O Re8 10.Bf4 Na6 11.Re1 Bg4 12.h3 Bxf3 13.Bxf3 Nd7  1/2-1/2

[Event "Oberliga Wuert9798"]
[Site "Wuerttemberg"]
[Date "1997.11.30"]
[Round "4"]
[White "Steckner, Johannes"]
[Black "Chudinovskih, Alexander"]
[Result "1-0"]
[WhiteElo "2260"]
[BlackElo "2305"]

1.d4 Nf6 2.c4 e6 3.g3 c5 4.d5 exd5 5.cxd5 d6 6.Nc3 g6 7.Bg2 Bg7 8.Nf3 O-O
9.O-O a6 10.a4 Nbd7 11.e4 Re8 12.Re1 Rb8 13.Bf4 Nb6 14.e5 Nh5 15.Bg5 f6 16.exf6 Rxe1+
17.Qxe1 Nxf6 18.a5 Na8 19.Ne4 Nc7 20.b4 cxb4 21.Qxb4 Ncxd5 22.Qb3 Kh8 23.Rd1 Qxa5
24.Nxd6 Qb4 25.Nf7+ Kg8 26.Qxb4 Nxb4 27.Bf4 Ra8 28.Rd8+ Kxf7 29.Bd6 Nfd5
30.Ng5+ Kf6 31.Nxh7+ Kf5 32.Re8 g5 33.Be4+ Kg4 34.Rg8 Bf5 35.f3+ Kh5 36.Rxa8 Bd4+
37.Kf1 Kh6 38.Bxf5 Ne3+ 39.Ke2 Nxf5 40.Bxb4 Kxh7 41.Kd3 Bg1 42.Ke4 Ng7 43.h3 Bf2
44.g4 Kg6 45.Bd2 Ne6 46.Rc8 Kf6 47.Be3 Be1 48.Kd5 a5 49.Rb8 Nc7+ 50.Kd6 Bg3+
51.Kd7 b5 52.Rb6+ Kf7 53.Bxg5 b4 54.Rb7 Ne6 55.Be3 Be1 56.Rb5 Nf8+ 57.Kc6 a4
58.Bc5 a3 59.Rxb4 Bxb4 60.Bxb4 a2 61.Bc3 Ng6 62.Kc5 Ke6 63.Kd4 Nf4 64.Ke4 Nxh3
65.f4 Nf2+ 66.Kf3 Nd3 67.f5+ Kd5 68.g5 Ne1+ 69.Kg4 Kc4 70.Bb2 Kb3 71.Bf6 Nd3
72.Ba1 Kc2 73.f6 Kb1 74.f7 Kxa1 75.f8=Q Kb2 76.Qf6+ Kb1 77.Qc3 Nf2+ 78.Kf5 a1=Q
79.Qxa1+ Kxa1 80.g6 Nd3 81.g7  1-0

[Event "Viking op"]
[Site "Aaland-Stockholm"]
[Date "1997.??.??"]
[Round "?"]
[White "Ivanov, Mikhail M"]
[Black "Hjartarson, Johann"]
[Result "0-1"]
[WhiteElo "2445"]
[BlackElo "2605"]

1.d4 Nf6 2.c4 e6 3.g3 c5 4.Nf3 cxd4 5.Nxd4 Nc6 6.Bg2 Qb6 7.Nc2 d5 8.O-O Be7
9.Nc3 d4 10.Na4 Qa6 11.b3 e5 12.f4 exf4 13.Bxf4 Bd7 14.e3 dxe3 15.Nxe3 O-O
16.Kh1 Rad8 17.Bc7 Bg4 18.Qc1 Rd7 19.Rxf6 gxf6 20.Nxg4 Rxc7 21.Nh6+ Kh8 22.Nf5 Ne5
23.Qh6 Rg8 24.Nc3 Bf8 25.Qf4 Rd7 26.Nd5 b5 27.cxb5 Qxb5 28.Nxf6 Nd3 29.Qf1 Rg5
30.Be4 Rd8 31.h4 Rg6 32.Nh5 Re6 33.Bg2 Qe5 34.Kh2 Ne1  0-1

[Event "EU-ch Rapid (Women)"]
[Site "Athens"]
[Date "1997.??.??"]
[Round "11"]
[White "Jiretorn, Eva"]
[Black "Jap Tjoen San, Linda"]
[Result "0-1"]
[WhiteElo "2080"]
[BlackElo "2175"]

1.d4 Nf6 2.c4 e6 3.g3 c5 4.Bg2 Be7 5.Nf3 cxd4 6.Nxd4 O-O 7.O-O d6 8.Nc3 a6
9.e4 Nbd7 10.b3 Qc7 11.Be3 Re8 12.Rc1 Rb8 13.f4 g6 14.Kh1 Qa5 15.g4 e5 16.g5 Nh5
17.fxe5 dxe5 18.Nde2 Qd8 19.Qd2 Nf8 20.Nd5 Ne6 21.Nxe7+ Qxe7 22.Nc3 Nef4
23.Nd5 Qxg5 24.Bxf4 Nxf4 25.Nxf4 exf4 26.Qxf4 Qxf4 27.Rxf4 Bd7 28.Rcf1 Re7
29.e5 Bf5 30.Be4 Bh3 31.R1f3 Be6 32.Rd3 Rbe8 33.a4 Bc8 34.Bd5 Bf5 35.Re3 b6
36.Bc6 Rxe5 37.Rxe5 Rxe5 38.Bd5 a5 39.Rf3 h5 40.Kg2 Kg7 41.Rc3 Re2+ 42.Kg3 h4+  0-1

[Event "EU-ch Rapid"]
[Site "Athens"]
[Date "1997.??.??"]
[Round "13"]
[White "Grivas, Efstratios"]
[Black "Baumegger, Siegfried"]
[Result "1-0"]
[WhiteElo "2465"]
[BlackElo "2485"]

1.d4 Nf6 2.c4 e6 3.g3 c5 4.Nf3 cxd4 5.Nxd4 d5 6.Bg2 e5 7.Nb3 d4 8.O-O a5
9.Bg5 Nc6 10.N1d2 a4 11.Nc1 Be7 12.Nd3 O-O 13.Bxc6 bxc6 14.Nxe5 c5 15.Nd3 Bh3
16.Re1 h6 17.Bxf6 Bxf6 18.Ne4 Re8 19.Ndxc5 Ra5 20.b4 Rxc5 21.Nxc5 Qa8 22.f3 d3
23.Qxd3 Rd8 24.Qe4 Bxa1 25.Qxa8 Bd4+ 26.e3 Bxe3+ 27.Rxe3 Rxa8 28.b5 Rc8 29.b6  1-0

[Event "NZD-ch"]
[Site "Auckland"]
[Date "1997.??.??"]
[Round "7"]
[White "Barlow, Matthew"]
[Black "Sinclair, Mark"]
[Result "0-1"]
[WhiteElo "2200"]
[BlackElo "2265"]

1.d4 Nf6 2.c4 e6 3.g3 c5 4.dxc5 Na6 5.Bg2 Bxc5 6.Nf3 O-O 7.O-O d5 8.Nbd2 Qe7
9.a3 Bd7 10.b4 Bb6 11.Bb2 Rfd8 12.cxd5 Nxd5 13.e4 Nf6 14.e5 Nd5 15.Qe2 Nac7
16.Rfc1 a5 17.Nc4 Bb5 18.bxa5 Bxa5 19.Nd4 Nc3 20.Bxc3 Bxc3 21.Nxb5 Nxb5 22.Rab1 Nd4
23.Qe3 Rxa3 24.Nd6 Bb2 25.Qe4 Bxc1 26.Qxd4 Qc7 27.Rxb7 Qc3 28.Qh4 Qe1+ 29.Bf1 Rf8
30.Qe7 Rf3 31.Qxf8+ Kxf8 32.Rb8+ Ke7 33.Rb7+ Kd8 34.Rb8+ Kc7 35.Rb7+ Kc6  0-1

[Event "AUT-chT2W 9798"]
[Site "Austria"]
[Date "1997.??.??"]
[Round "7"]
[White "Peter, Christoph"]
[Black "Kroell, Stefan"]
[Result "1-0"]
[WhiteElo "1885"]
[BlackElo "1815"]

1.d4 Nf6 2.c4 e6 3.g3 c5 4.Nf3 Qc7 5.d5 exd5 6.cxd5 d6 7.Bg5 Nbd7 8.Nc3 a6
9.Qa4 Be7 10.Bg2 O-O 11.O-O Nb6 12.Qd1 Nbd7 13.a4 Rb8 14.Qd3 h6 15.Bf4 Nh5
16.Be3 c4 17.Qc2 Nc5 18.Nd4 Nf6 19.Rfe1 Ng4 20.Bf4 Bf6 21.Nf5 Be5 22.Bd2 Nb3
23.Rad1 Re8 24.h3 Nf6 25.Be3 Bd7 26.Nd4 Nxd4 27.Bxd4 b5 28.axb5 axb5 29.Bxe5 Rxe5
30.Rd4 Bf5 31.e4 Qc5 32.Red1 Bg6 33.f4 Rxd5 34.Nxd5 Nxd5 35.f5 Ne3 36.Qd2 Bh5
37.g4 Nxg4 38.hxg4 Bxg4 39.Re1 Re8 40.Kh1 Re5 41.Rxd6 g6 42.Rd5 Rxd5 43.Qxd5 Qxd5
44.exd5 Bxf5 45.Kh2 Kf8 46.Bf3 Bd3 47.d6  1-0

[Event "Bad Woerishofen op"]
[Site "Bad Woerishofen"]
[Date "1997.??.??"]
[Round "4"]
[White "Bischoff, Dieter"]
[Black "Romanishin, Oleg M"]
[Result "0-1"]
[WhiteElo "2175"]
[BlackElo "2555"]

1.d4 Nf6 2.c4 e6 3.g3 c5 4.Nf3 cxd4 5.Nxd4 Bb4+ 6.Bd2 Be7 7.Bg2 Nc6 8.Bc3 d5
9.Nd2 O-O 10.O-O Qb6 11.e3 Rd8 12.a3 Bd7 13.Rc1 dxc4 14.Nxc4 Qa6 15.Qb3 Rac8
16.Rfe1 Nd5 17.Nxc6 Bxc6 18.Bd4 Ba4 19.Qa2 Bb5 20.Bf1 Nb4 21.Qa1 Nc6 22.Ne5 Nxd4
23.Rxc8 Rxc8 24.exd4 Bxf1 25.Rxf1 f6 26.Nf3 Qe2 27.Qe1 Rc2 28.Qxe2 Rxe2 29.Rb1 Kf7
30.Kf1 Rc2 31.Ne1 Rd2 32.Nf3 Rc2 33.Ne1 Rc8 34.Ke2 Bd8 35.Rd1 Ba5 36.Kd3 Bb6
37.Nf3 Ke7 38.Rd2 Kd6 39.Ne1 Rc1 40.Nc2 Ba5 41.b4 Bd8 42.Kc4 a6 43.h4 b5+
44.Kd3 Bb6 45.Ke4 g6 46.Kd3 Rb1 47.Kc3 a5 48.Rd3 a4 49.Kd2 Rb2 50.Kc1 Rb3
51.Kd2 h5 52.Rc3 Rxc3 53.Kxc3 g5 54.Kd3 gxh4 55.gxh4 f5 56.Ne3 Bd8 57.Ng2 e5
58.dxe5+ Kxe5 59.f4+ Ke6 60.Kd4 Bb6+ 61.Kd3 Kd5 62.Ne1 Bd4 63.Ng2 Bf2 64.Ke2 Bb6
65.Kd3 Bd4 66.Ne1 Bb2 67.Nc2 Bf6 68.Ne3+ Ke6 69.Nc2 Bxh4 70.Nd4+ Kd5 71.Nxb5 Bf6
72.Nc7+ Kc6 73.Ne8 Bb2 74.b5+ Kc5 75.b6 Kxb6 76.Nd6 Bxa3 77.Nc4+ Kc5 78.Nxa3 h4
79.Nc2 h3  0-1

[Event "BEL-chT9697"]
[Site "BEL"]
[Date "1997.??.??"]
[Round "9"]
[White "Cifuentes Parada, Roberto"]
[Black "Janssen, Han"]
[Result "1-0"]
[WhiteElo "2500"]
[BlackElo "2360"]

1.d4 Nf6 2.c4 e6 3.g3 c5 4.Nf3 cxd4 5.Nxd4 Qc7 6.Nd2 b6 7.Bg2 Bb7 8.Nb5 Qc8
9.e4 Be7 10.O-O O-O 11.b3 a6 12.Nc3 b5 13.Bb2 b4 14.Na4 Qc7 15.e5 Ne8 16.Ne4 Nc6
17.Nac5 Bc8 18.Nd3 a5 19.Qg4 a4 20.Nf6+ Kh8 21.Qh4 h6 22.Qh5 Ra5 23.Nxe8 Rxe8
24.Qxf7 Rf8 25.Qg6 a3 26.Be4 Rf5 27.g4 axb2 28.gxf5  1-0

[Event "Buenos Aires op"]
[Site "Buenos Aires"]
[Date "1997.??.??"]
[Round "5"]
[White "Sorokin, Maxim"]
[Black "Barria, Daniel"]
[Result "1-0"]
[WhiteElo "2560"]
[BlackElo "2355"]

1.d4 Nf6 2.c4 e6 3.g3 c5 4.Nf3 cxd4 5.Nxd4 d5 6.Bg2 e5 7.Nc2 d4 8.f4 Bd6
9.fxe5 Bxe5 10.Bf4 O-O 11.Bxe5 Qa5+ 12.Nc3 Qxe5 13.Qxd4 Qe7 14.O-O-O Nc6
15.Qd6 Qxd6 16.Rxd6 Ne5 17.b3 Rb8 18.Nb4 Bf5 19.h3 Rfc8 20.Rhd1 h6 21.Nd3 Ned7
22.Nf4 Nc5 23.g4 Bh7 24.Kb2 Kf8 25.Bf3 a6 26.R1d4 Ke7 27.b4 Ne6 28.Nxe6 fxe6
29.c5 Bg6 30.Rb6 Rc7 31.c6 e5 32.Rc4 e4 33.Nxe4 Bxe4 34.Rxe4+ Nxe4 35.Bxe4 Kd8
36.cxb7 Rc4 37.Bd5 Kc7 38.Rxa6 Rxb4+ 39.Kc3 Rb6 40.Rxb6 Kxb6 41.Kd4 Kc7 42.e4 Rf8
43.e5 Rf1 44.e6 Rf8 45.Ke5  1-0

[Event "Ceske Budejovice op"]
[Site "Ceske Budejovice"]
[Date "1997.??.??"]
[Round "6"]
[White "Potapov, Alexander"]
[Black "Poloch, Petr"]
[Result "1-0"]
[WhiteElo "2490"]
[BlackElo "2355"]

1.d4 Nf6 2.c4 e6 3.g3 c5 4.Nf3 cxd4 5.Nxd4 Qc7 6.Nc3 a6 7.e3 b6 8.Bg2 Bb7
9.Bxb7 Qxb7 10.O-O d6 11.b3 Nbd7 12.Bb2 Be7 13.Qe2 Nc5 14.Rad1 O-O 15.f3 d5
16.cxd5 Nxd5 17.Nf5 Nxc3 18.Nxe7+ Qxe7 19.Bxc3 Rfd8 20.Qc4 Qg5 21.Qf4 Qxf4
22.gxf4 f6 23.Kf2 Kf7 24.Ke2 Rac8 25.Rxd8 Rxd8 26.Rc1 Rd5 27.b4 Nd7 28.Be1 e5
29.f5 g6 30.fxg6+ hxg6 31.Rc6 Ke7 32.a4 Rd6 33.Rc7 b5 34.a5 Ke6 35.e4 f5
36.Bf2 fxe4 37.fxe4 Nf6 38.Bc5 Rd7 39.Rc6+ Kf7 40.Rxa6 Nxe4 41.Rc6 Rd5 42.Be3 Nd6
43.a6 Nc4 44.a7 Rd8 45.Rxc4  1-0

[Event "Costa Rica-ch"]
[Site "Costa Rica"]
[Date "1997.??.??"]
[Round "14"]
[White "Minero, Carlos"]
[Black "Peraza, Rafael"]
[Result "1-0"]
[WhiteElo "2060"]
[BlackElo "2000"]

1.d4 Nf6 2.c4 e6 3.g3 c5 4.Nf3 d5 5.cxd5 exd5 6.Bg2 Nc6 7.Nc3 h6 8.O-O a6
9.Re1 Be7 10.e4 dxe4 11.Nxe4 O-O 12.Nxc5 Nb4 13.Nd3 Nbd5 14.Nfe5 Qb6 15.Qa4 Rd8
16.Bd2 a5 17.Rac1 Bf8 18.Bc3 Bf5 19.Nc4 Qa6 20.Nc5 Bxc5 21.dxc5 Bd7 22.Qd1 Nxc3
23.Rxc3 Bc6 24.Nd6 Bxg2 25.Kxg2 Qc6+ 26.Qf3 Rd7 27.Qxc6 bxc6 28.Nc4 Rb8 29.b3 a4
30.Nb6 Rd2 31.bxa4 Rxa2 32.Re7 Nd5 33.Nxd5 cxd5 34.c6 Rxa4 35.c7 Rc8 36.Rd7 Rc4
37.Rxc4 dxc4 38.Rd8+  1-0

[Event "RUS-Cup5"]
[Site "Ekaterinburg"]
[Date "1997.??.??"]
[Round "5"]
[White "Isaev, Jamshed"]
[Black "Shariyazdanov, Andrey"]
[Result "1-0"]
[WhiteElo "2445"]
[BlackElo "2525"]

1.d4 Nf6 2.c4 e6 3.g3 c5 4.Nf3 cxd4 5.Nxd4 Bc5 6.Nc3 Nc6 7.e3 O-O 8.Bg2 Ne5
9.b3 d5 10.cxd5 Bb4 11.Bd2 Nd3+ 12.Ke2 e5 13.Ndb5 Ng4 14.f3 Ngf2 15.Qc2 Qb6
16.Rhf1 Bxc3 17.Nxc3 Qa6 18.Qb1 Bf5 19.e4 Bg6 20.Rxf2 Nxf2+ 21.Kxf2 f5 22.Qf1 Qb6+
23.Be3 Qc7 24.Qc4 Qd7 25.Kg1 Rac8 26.Qd3 fxe4 27.Nxe4 Rfd8 28.Rd1 Bf7 29.d6 Bg6
30.Bg5 Re8 31.Be7 Rc6 32.Qd5+ Bf7 33.Qxe5 b6 34.Bf1 Rc2 35.Bd3 Qh3 36.Bxc2  1-0

[Event "FRA-chT9697 groupe B"]
[Site "France"]
[Date "1997.??.??"]
[Round "1"]
[White "Heurtebize, Olivier"]
[Black "Valentin, Rene"]
[Result "1-0"]
[WhiteElo "2155"]
[BlackElo "2100"]

1.d4 Nf6 2.c4 e6 3.g3 c5 4.d5 exd5 5.cxd5 d6 6.Nc3 g6 7.Bg2 Bg7 8.Nf3 O-O
9.O-O Re8 10.Nd2 Nbd7 11.a4 Ne5 12.h3 Nh5 13.f4 Nxg3 14.fxe5 Nxf1 15.Qxf1 Rxe5
16.e4 Bd7 17.Nc4 Rh5 18.Bf4 Bd4+ 19.Kh2 g5 20.Qe2 Rh4 21.Bg3 g4 22.Nxd6 Qf6
23.Qf1 Rh6 24.Qxf6 Rxf6 25.e5 Rg6 26.h4 Rf8 27.Rf1 f5 28.e6 f4 29.Rxf4 Rxf4
30.Bxf4  1-0

[Event "Oberliga Nord O9697"]
[Site "Germany"]
[Date "1997.??.??"]
[Round "?"]
[White "Heinig, Wolfram"]
[Black "Lueders, Gerhard"]
[Result "1/2-1/2"]
[WhiteElo "2320"]
[BlackElo "2195"]

1.d4 Nf6 2.c4 e6 3.g3 c5 4.Nf3 cxd4 5.Nxd4 Nc6 6.Bg2 Bc5 7.Nb3 Be7 8.Nc3 O-O
9.O-O a6 10.Bf4 b6 11.Bxc6 dxc6 12.Qxd8 Bxd8 13.a4 Re8 14.Rfd1 a5 15.c5 bxc5
16.Nxc5 Nd5 17.N3e4 Nxf4 18.gxf4 Be7 19.Rd2 Rb8 20.b3 g6 21.Rad1 Kg7 22.Nd6 Rg8
23.e3 h6 24.Kg2 g5 25.fxg5 hxg5 26.e4 e5 27.Rd3 Rh8 28.Rf3 Bg4 29.Rxf7+ Kg6
30.Rxe7 Bxd1 31.Re6+ Kh5 32.Nf7 Rh7 33.Nxe5 Bxb3 34.Rxc6 Rh6 35.Rc7 Re8 36.Ned7 Bc2
37.e5 Kh4 38.f3 g4 39.fxg4 Rh7 40.e6 Bxa4 41.Nxa4 Rxe6 42.Nac5 Re2+ 43.Kf3 Rxh2
44.Rc6 Rf7+ 45.Nf6 Rc2 46.g5 a4 47.Ke3 Rc1 48.Kd2 Rg1 49.Ne6 Rb7 50.Rc4+ Kh3
51.Rc3+ Rg3 52.g6 Rxc3 53.Kxc3 a3 54.g7 Rxg7 55.Nxg7 a2  1/2-1/2

[Event "NRW-Liga 9798"]
[Site "Germany"]
[Date "1997.??.??"]
[Round "4"]
[White "Prange, Stefan"]
[Black "Keller, Thomas"]
[Result "1/2-1/2"]
[WhiteElo "2190"]
[BlackElo "2215"]

1.d4 Nf6 2.c4 e6 3.g3 c5 4.Nf3 cxd4 5.Nxd4 Nc6 6.Nc3 Bb4 7.Bg2 O-O 8.O-O d5
9.cxd5 exd5 10.Bg5 Be6 11.Rc1 h6 12.Be3 Na5 13.Qa4 Bd6 14.Rcd1 a6 15.Rd3 Nc4
16.Bc1 Ne5 17.Rdd1 b5 18.Qb3 Bc5 19.Nxe6 fxe6 20.Nxd5 exd5 21.Bxd5+ Kh8 22.Bxa8 Qxa8
23.Qc3 Ne4 24.Qxe5 Nxf2 25.Qd5 Nxd1+ 26.Qxc5 Rxf1+ 27.Kxf1 Qh1+ 28.Qg1 Qc6
29.Qg2 Qxc1  1/2-1/2

[Event "NRW-Liga 9798"]
[Site "Germany"]
[Date "1997.??.??"]
[Round "4"]
[White "Kuehn, Markus"]
[Black "Jajonek, Roland"]
[Result "1/2-1/2"]
[WhiteElo "2240"]
[BlackElo "2275"]

1.d4 Nf6 2.c4 e6 3.g3 c5 4.Nf3 cxd4 5.Nxd4 d5 6.Bg2 Bb4+ 7.Nc3 O-O 8.Nc2 Bxc3+
9.bxc3 dxc4 10.Ba3 Re8 11.Qxd8 Rxd8 12.Ne3 Nc6 13.Nxc4 Nd5 14.O-O-O Nxc3
15.Rxd8+ Nxd8 16.Kb2 Nd5 17.Rd1 Nc6 18.e4 Nf6 19.Ne5 h6 20.Nxc6 bxc6 21.Rd8+ Kh7
22.Rf8 Ng4 23.Bd6 f6 24.e5 Bb7 25.Rf7 Ba6 26.Bxc6 Rd8 27.Rxa7 Bf1 28.f3 Ne3
29.Rd7 Rxd7 30.Bxd7 Bc4 31.a4 Bd5 32.f4 Kg6 33.Kc3 Kf5 34.a5 Bb7 35.Kd4 Nd5
36.Bb5 g5 37.exf6 Kxf6 38.a6 Bxa6 39.Bxa6 gxf4 40.Bxf4 h5 41.Be5+ Kf5 42.h4 Nb4
43.Bd6 Nxa6 44.Ke3 e5 45.Kf3 Ke6 46.Ba3  1/2-1/2

[Event "Hafnarfjordur"]
[Site "Hafnarfjordur"]
[Date "1997.??.??"]
[Round "6"]
[White "Raetsky, Alexander"]
[Black "Bjarnason, Saevar"]
[Result "1-0"]
[WhiteElo "2405"]
[BlackElo "2265"]

1.d4 Nf6 2.c4 e6 3.g3 c5 4.Nf3 cxd4 5.Nxd4 Nc6 6.Bg2 Bc5 7.e3 O-O 8.O-O a6
9.Nc3 Qc7 10.b3 Be7 11.Bb2 Rb8 12.Rc1 Nxd4 13.exd4 d6 14.h3 b5 15.cxb5 axb5
16.Nxb5 Qa5 17.Nc3 Bb7 18.Re1 Bxg2 19.Kxg2 d5 20.a3 Rfc8 21.b4 Qa8 22.Na4 Nd7
23.Rxc8+ Rxc8 24.Qb3 Qa7 25.Nc5 Nb6 26.a4 Nc4 27.Bc3 Rb8 28.Nd3 Bf6 29.Nc5 Be7
30.Nd3 Bf6 31.Ne5 Qb7 32.Kg1 Nb6 33.b5 h6 34.a5 Bxe5 35.dxe5 Nc4 36.Rb1 Ra8
37.a6 Qb6 38.Kg2 Qc7 39.Qb4 Rf8 40.Bd4  1-0

[Event "Jyvaskyla We JyS"]
[Site "Jyvaskyla"]
[Date "1997.??.??"]
[Round "2"]
[White "Karttunen, Mika"]
[Black "Sassi, Pekka"]
[Result "1-0"]
[WhiteElo "2205"]
[BlackElo "2170"]

1.d4 Nf6 2.c4 e6 3.g3 c5 4.Nf3 cxd4 5.Nxd4 Nc6 6.Bg2 Bb4+ 7.Bd2 Qa5 8.e3 Nxd4
9.exd4 Bxd2+ 10.Qxd2 Qxd2+ 11.Nxd2 Rb8 12.O-O b6 13.Rfe1 Bb7 14.b4 Bxg2 15.Kxg2 d5
16.c5 bxc5 17.bxc5 Kd7 18.Rab1 Kc7 19.Rb3 Nd7 20.f4 g6 21.Kf2 Rxb3 22.axb3 Nb8
23.Ke3 Nc6 24.Kd3 Rb8 25.Kc3 a5 26.Nf3 Rb4 27.Ra1 f6 28.g4 Kd7 29.h4 Ke7
30.h5 Kf7 31.Rxa5 Rxb3+ 32.Kxb3 Nxa5+ 33.Kb4 Nc4 34.c6 gxh5 35.gxh5 Ke7 36.Kc5 Kd8
37.f5 exf5 38.Kxd5 Nb6+ 39.Kd6 Nc4+ 40.Kc5 Ne3 41.d5 Nxd5 42.Kxd5 Kc7  1-0